000 00361 a2200157 4500
001 176040
020 _a
040 _cMagnum
100 _aCardoso, Alcina M. S.
240 1 0 _aCiencias da escola para a vida/v.1
_lpor
245 1 0 _aCiencias da escola para a vida/v.1
362 0 _a1899
440 1 _aLĂȘ
697 _aMAGNITO: PARADIDATICOS
942 _cBK
999 _c176040
_d176040